Countries with nukes - Statistics

General Stats
  • This quiz has been taken 56 times
  • The average score is 8 of 9
Answer Stats
Answer % Correct
United Kingdom
96%
United States of America
96%
Russia
94%
China
88%
France
85%
North Korea
85%
India
81%
Israel
69%
Pakistan
69%
No matching quizzes found
Score Distribution
Percent of People with Each Score
Percentile by Number Answered
Your Score History
You have not taken this quiz